Dimenticare gli alisei = (Registro nro. 860)
[ vista simple ]
| 000 -LEADER | |
|---|---|
| fixed length control field | 01316nam a22002657a 4500 |
| 003 - CONTROL NUMBER IDENTIFIER | |
| control field | AR-RoUNCS |
| 005 - DATE AND TIME OF LATEST TRANSACTION | |
| control field | 20251217161342.0 |
| 008 - FIXED-LENGTH DATA ELEMENTS--GENERAL INFORMATION | |
| fixed length control field | 251217t2016 ag |||||r|||| 00| pdita d |
| 020 ## - INTERNATIONAL STANDARD BOOK NUMBER | |
| International Standard Book Number | 978-987-702-200-1 |
| 040 ## - CATALOGING SOURCE | |
| Original cataloging agency | AR-RoUNCS |
| Transcribing agency | AR-RoUNCS |
| 080 ## - UNIVERSAL DECIMAL CLASSIFICATION NUMBER | |
| Authority record control number or standard number | 82-1(450) |
| 100 1# - MAIN ENTRY--PERSONAL NAME | |
| Personal name | Semacchi Gliubich, Graziella, |
| Relator term | autor |
| 245 1# - TITLE STATEMENT | |
| Title | Dimenticare gli alisei = |
| Remainder of title | Olvidar los alisios / |
| Statement of responsibility, etc. | Graziella Semacchi Gliubich ; traducción, introducción y notas de Alberto Anunziato. |
| 246 11 - VARYING FORM OF TITLE | |
| Title proper/short title | Olvidar los alisios |
| 260 ## - PUBLICATION, DISTRIBUTION, ETC. | |
| Place of publication, distribution, etc. | Rosario : |
| Name of publisher, distributor, etc. | UNR Editora, |
| Date of publication, distribution, etc. | 2016. |
| 300 ## - PHYSICAL DESCRIPTION | |
| Extent | 112 p. ; |
| Dimensions | 18 cm. |
| 490 0# - SERIES STATEMENT | |
| Series statement | Polifonía de mujeres ; |
| Volume/sequential designation | 1 |
| 500 ## - GENERAL NOTE | |
| General note | Colección dirigida por Darío Maiorana. |
| 520 3# - SUMMARY, ETC. | |
| Summary, etc. | Saber que cuando sopla la Bora scura sobre Trieste puede hacerlo por nueve días seguidos, con vientos de hasta 160 kilómetros por hora, implica reconocer que el poema tiene más de descripción realista que de alegoría apocalíptica. Y, a su vez, saber la importancia cultural de la Bora para los triestinos aporta un elemento extra en la comprensión de la clave poética de la obra, en la que la referencia la viento es constante. |
| 546 ## - LANGUAGE NOTE | |
| Language note | En español e italiano. |
| 650 #7 - SUBJECT ADDED ENTRY--TOPICAL TERM | |
| Source of heading or term | embne |
| Topical term or geographic name entry element | Literatura italiana |
| 655 #7 - INDEX TERM--GENRE/FORM | |
| Source of term | embne |
| Genre/form data or focus term | Poesías |
| 700 1# - ADDED ENTRY--PERSONAL NAME | |
| Personal name | Anunziato, Alberto, |
| Relator term | traductor |
| 942 ## - ADDED ENTRY ELEMENTS (KOHA) | |
| Source of classification or shelving scheme | Universal Decimal Classification |
| Koha item type | Libro de préstamo a domicilio |
| Suppress in OPAC | No |
| Withdrawn status | Lost status | Source of classification or shelving scheme | Damaged status | Not for loan | Collection | Home library | Current library | Date acquired | Source of acquisition | Total checkouts | Full call number | Barcode | Date last seen | Date last checked out | Price effective from | Koha item type |
|---|---|---|---|---|---|---|---|---|---|---|---|---|---|---|---|---|
| Universal Decimal Classification | Colección General | Biblioteca Escuela de Ciencias Sociales | Biblioteca Escuela de Ciencias Sociales | 17/12/2025 | Donación 2023 | 2 | 82-1(450) SE471 | 000328 | 05/06/2026 | 01/06/2026 | 17/12/2025 | Libro de préstamo a domicilio |